<?xml version="1.0" encoding="UTF-8"?>
<collection xmlns="http://www.loc.gov/MARC21/slim">
  <record>
    <leader>00000nam  2200000   4500</leader>
    <controlfield tag="001">INLIS000000000018475</controlfield>
    <controlfield tag="005">20241119085123</controlfield>
    <datafield tag="035" ind1="#" ind2="#">
      <subfield code="a">0010-1124000141</subfield>
    </datafield>
    <controlfield tag="007">ta</controlfield>
    <controlfield tag="008">241119###########################0######</controlfield>
    <datafield tag="245" ind1="#" ind2="#">
      <subfield code="a">MAPS :</subfield>
      <subfield code="b">Meningkatkan Efisiensi dan Aksesibilitas Pelayanan Mahasiswa di Program Studi Teknik Sipil Universitas Sulawesi Barat /</subfield>
      <subfield code="c">Almayana Alwi, S.T., M.T</subfield>
    </datafield>
    <datafield tag="260" ind1="#" ind2="#">
      <subfield code="a">Makassar :</subfield>
      <subfield code="b">Puslatbang KMP LAN RI,</subfield>
      <subfield code="c">2024</subfield>
    </datafield>
    <datafield tag="300" ind1="#" ind2="#">
      <subfield code="a">26 ;</subfield>
      <subfield code="c">30</subfield>
    </datafield>
    <datafield tag="650" ind1="#" ind2="4">
      <subfield code="a">Meningkatkan efisiensi proses administrasi dan meningkatkan kualitas pelayanan dan kepuasan mahasiswa</subfield>
    </datafield>
    <datafield tag="700" ind1=" " ind2="#">
      <subfield code="a">Dr. Ir. Hafsah Nirwana, M.T (Mentor)</subfield>
    </datafield>
    <datafield tag="700" ind1=" " ind2="#">
      <subfield code="a">Asriani Rasyid, S.E., M.Si (Coach)</subfield>
    </datafield>
    <datafield tag="520" ind1="#" ind2="#">
      <subfield code="a">Isu 3 yaitu Belum tersedia nya informasi digital terkait alur pelayanan mahasiswa menganai pengurusan berkas pengajuan skripsi, Kerja praktek, cuti, magang, dan pendaftaran wisuda dikategorikan dalam isu Aktual (A) Informasi yang hanya tersedia secara manual atau terbatas pada jam operasional membuat mahasiswa tertentu sulit mengakses layanan, terutama di era digital saat ini di mana akses informasi cepat dan mudah sangat diharapkan.Problematic (P) Ketidaksediaan informasi digital sering kali membuat proses administrasi menjadi lebih lambat dan rentan terhadap kesalahan manusia. Misalnya, mahasiswa mungkin salah dalam memahami prosedur atau persyaratan karena kurangnya panduan yang jelas, yang dapat menghambat proses studi mereka.Kekhalayakan (K) Mahdapatkan informasimi bisa Mahasiswa yang tidak langsung dari sumber resmi bisa mendapatkan informasi yang salah atau tidak lengkap dari pihak lain, yang bisa menyebabkan kesalahpahaman dan kesulitan menyelesaikan dalam tugas administratif mereka.Layak (L) Mengingat pentingnya akses informasi yang cepat dan akurat, pengembangan sistem informasi digital untuk alur pelayanan iterima.dan mahasiswa sangat layak dilakukan. Ini tidak hanya akan adeningkatkan efisienspraken administrasi tetapi juga meningkatkan kualitas layanan dan kepuasan mahasiswa.</subfield>
    </datafield>
    <datafield tag="856" ind1="#" ind2="#">
      <subfield code="a">Puslatbang KMP LAN</subfield>
    </datafield>
  </record>
</collection>
